Entry Nombre personal
001 - NÚMERO DE CONTROL
- campo de control: 62027
003 - IDENTIFICADOR DEL NÚMERO DE CONTROL
- campo de control: BNPHU
005 - FECHA Y HORA DE LA ÚLTIMA TRANSACCIÓN
- campo de control: 20240305102114.0
008 - DATOS DE LONGITUD FIJA
- campo de control de longitud fija: 200615|| aca||aabn | a|a d
040 ## - FUENTE DE LA CATALOGACIÓN
- Centro catalogador/agencia de origen: DO-SdBNP
- Lengua de catalogación: spa
- Centro/agencia transcriptor: BNPHU
- Normas de descripción: rda
100 1# - ENCABEZAMIENTO-NOMBRE DE PERSONA
- Nombre de persona: Lizardo, Fradique,
- Fechas asociadas al nombre: 1930-1997
370 ## - LUGAR ASOCIADO
- Lugar de nacimiento: Santo Domingo (República Dominicana)
374 ## - OCUPACIÓN
- Ocupación: Folklorista
- Ocupación: Ensayista
- Ocupación: Investigador
375 ## - GÉNERO/SEXO
- Género/Sexo: Masculino
377 ## - LENGUA/LENGUAJE ASOCIADO
- Código del idioma: spa
400 1# - TRAZADO DE VÉASE--NOMBRE DE PERSONA
- Nombre de persona: Lizardo Barinas, Fradique
- Fechas asociadas al nombre: 1930-1997
400 1# - TRAZADO DE VÉASE--NOMBRE DE PERSONA
- Nombre de persona: Lizardo Barinas, Fradique,
- Fechas asociadas al nombre: 1930-1997
400 1# - TRAZADO DE VÉASE--NOMBRE DE PERSONA
- Nombre de persona: Barinas, Fradique Lizardo,
- Fechas asociadas al nombre: 1930-1997
670 ## - FUENTE DE DATOS ENCONTRADOS
- Cita de la fuente: Work cat.: (OSt)35488: Apuntes :, 1982.
670 ## - FUENTE DE DATOS ENCONTRADOS
- Cita de la fuente: La canción folklorica en Santo Domingo, 1958.
670 ## - FUENTE DE DATOS ENCONTRADOS
- Cita de la fuente: Villamil, A. Danzas pre-clásicas, 1982
670 ## - FUENTE DE DATOS ENCONTRADOS
- Cita de la fuente: http://enciclopediadominicana.org/Fradique_Lizardo, consultado en 01/02/2023
